书目信息 |
| 题名: |
嵌入式计算与机电一体化技术
|
|
| 作者: | 林奇 , 马丘克 , 艾尔文 著 ;李中华 , 黄近秋 , 徐德明 译 | |
| 分册: | ||
| 出版信息: | 北京 机械工业出版社 2019.10 |
|
| 页数: | XIV, 440页 | |
| 开本: | 24cm | |
| 丛书名: | 电子电气工程师技术丛书 | |
| 单 册: | ||
| 中图分类: | TP368.102.1 , TH-39 | |
| 科图分类: | ||
| 主题词: | 微控制器--wei kong zhi qi--系统设计--教材 , 机电一体化--ji dian yi ti hua--教材 | |
| 电子资源: | ||
| ISBN: | 978-7-111-63736-3 | |
| 000 | 02082nam 2200385 450 | |
| 001 | 2076504979 | |
| 005 | 20201104211518.97 | |
| 010 | @a978-7-111-63736-3@dCNY139.00 | |
| 100 | @a20191120d2019 em y0chiy50 ea | |
| 101 | 1 | @achi@ceng |
| 102 | @aCN@b110000 | |
| 105 | @aa a 000yy | |
| 200 | 1 | @a嵌入式计算与机电一体化技术@Aqian ru shi ji suan yu ji dian yi ti hua ji shu@e基于PIC32微控制器@f(美) 凯文·M.林奇, 尼古拉斯·马丘克, 马修·L.艾尔文著@d= Embedded computing and mechatronics@ewith the PIC32 microcontroller@fKevin M. Lynch, Nicholas Marchuk, Matthew L. Elwin@g李中华, 黄近秋, 徐德明译@zeng |
| 210 | @a北京@c机械工业出版社@d2019.10 | |
| 215 | @aXIV, 440页@c图@d24cm | |
| 225 | 2 | @a电子电气工程师技术丛书@Adian zi dian qi gong cheng shi ji shu cong shu |
| 306 | @a由Elsevier (Singapore) Pte Ltd.授权出版 | |
| 314 | @a凯文·M.林奇, 美国西北大学机械工程系教授、系主任。尼古拉斯·马丘克, 美国西北大学机电一体化设计实验室主管。马修·L.艾尔文, 美国西北大学机械工程系博士研究生。 | |
| 320 | @a有书目 | |
| 330 | @a本书是美国西北大学机电一体化系列课程的教材, 选择PIC32MX795F512H微控制器+NU32开发板, 基础知识部分重点讲解PIC32的硬件、C语言编程以及与传感器和执行机构的接口, 应用部分关注机电一体化技术, 包括传感器、传动装置和电机的选择等。各章节全面融合PIC32参考手册、数据表、XC32 C编译器用户指南、Harmony帮助文档等内容, 并配有丰富的教辅资源。 | |
| 410 | 0 | @12001 @a电子电气工程师技术丛书 |
| 500 | 10 | @aEmbedded computing and mechatronics : with the PIC32 microcontroller@mChinese |
| 517 | 1 | @a基于PIC32微控制器@Aji yu PIC32 wei kong zhi qi |
| 606 | 0 | @a微控制器@Awei kong zhi qi@x系统设计@j教材 |
| 606 | 0 | @a机电一体化@Aji dian yi ti hua@j教材 |
| 690 | @aTP368.102.1@v5 | |
| 690 | @aTH-39@v5 | |
| 701 | 1 | @a林奇@Alin qi@g(Lynch, Kevin M.)@4著 |
| 701 | 1 | @a马丘克@Ama qiu ke@g(Marchuk, Nicholas)@4著 |
| 701 | 1 | @a艾尔文@Aai er wen@g(Elwin, Matthew L.)@4著 |
| 702 | 0 | @a李中华@Ali zhong hua@4译 |
| 702 | 0 | @a黄近秋@Ahuang jin qiu@4译 |
| 702 | 0 | @a徐德明@Axu de ming@4译 |
| 801 | 0 | @aCN@b人天书店@c20201003 |
| 905 | @aZUCC@dTP368.102.1@eL513 | |
| 嵌入式计算与机电一体化技术:基于PIC32微控制器/(美) 凯文·M.林奇, 尼古拉斯·马丘克, 马修·L.艾尔文著= Embedded computing and mechatronics:with the PIC32 microcontroller/Kevin M. Lynch, Nicholas Marchuk, Matthew L. Elwin/李中华, 黄近秋, 徐德明译.-北京:机械工业出版社,2019.10 |
| XIV, 440页:图;24cm.-(电子电气工程师技术丛书) |
| ISBN 978-7-111-63736-3:CNY139.00 |
| 本书是美国西北大学机电一体化系列课程的教材, 选择PIC32MX795F512H微控制器+NU32开发板, 基础知识部分重点讲解PIC32的硬件、C语言编程以及与传感器和执行机构的接口, 应用部分关注机电一体化技术, 包括传感器、传动装置和电机的选择等。各章节全面融合PIC32参考手册、数据表、XC32 C编译器用户指南、Harmony帮助文档等内容, 并配有丰富的教辅资源。 |
| ● |
| 相关链接 |
|
|
|
正题名:嵌入式计算与机电一体化技术
索取号:TP368.102.1/L513
 
预约/预借
| 序号 | 登录号 | 条形码 | 馆藏地/架位号 | 状态 | 备注 |
| 1 | 1478237 | 214782378 | 自科库301/301自科库 63排6列3层/ [索取号:TP368.102.1/L513] | 在馆 |